Ideologia de gn̊ero

Detalles Bibliográficos
Autor principal: de Barros Carvalho, Paulo
Otros Autores: da Silva Martins, Ives Gandra
Formato: eBook
Lenguaje:portugués
Publicado: San Pablo: Editora Noeses, 2016
Materias:
Acceso en línea:Acceso restringido

MARC

LEADER 00000nam a22000007a 4500
005 20210616214632.0
007 cr|||| ||||
008 210616s2016 br |||||s|||| 00||0 por d
020 |a 978-85-8310-071-3 
035 |a 33727 
040 |a vLex 
090 |c 11786  |d 11786 
100 1 |a de Barros Carvalho, Paulo 
245 1 0 |a Ideologia de gn̊ero  |h [Recurso electrn̤ico] /  |c Paulo de Barros Carvalho, Ives Gandra da Silva Martins 
256 |a Servicio en ln̕ea 
260 |a San Pablo:  |b Editora Noeses,  |c 2016 
300 |a 1 recurso electrn̤ico 
506 1 |a Disponible solo en los productos indicados  |d vLex Global  |d vLex Global (Academic Edition, excluding Law Schools)  |d vLex Global (U.S. Academic Edition, Law Schools)  |d vLex Global (U.S. Academic Edition, excluding Law Schools)  |d vLex Global (Academic Edition, Law Schools) 
650 0 4 |a Derecho Civil  |z Brasil 
650 0 4 |a Derecho Constitucional  |z Brasil 
700 1 |a da Silva Martins, Ives Gandra 
740 0 |a vLex Libros (Servicio en ln̕ea) 
856 4 0 |u https://vlex.com/source/ideologia-g-nero-33727  |z Acceso restringido 
942 |c BOOK 
999 0 |a Civil Law 
999 0 |a Constitutional Law